000
00272nam a2200097Ia 4500
008
200302s9999 xx 000 0 und d
100
_a
Jean Larcher
245
_a
Optical and Geometrical Allover Patterns 700 Original Drawings
260
_b
Dover Publications Inc.,
260
_c
1979
999
_c
85
_d
85